00706 2200205 4500001002100000005001700021008004100038035002400079040001200103082001200115090001700127100002300144245015600167260004500323300002700368500003500395650004000430850001200470990001800482INLIS00000000002323620161017144055.0  0010-101600000000188 aYOPDYOG 223a333 aSK 333 Ade T aADE CHANDRA WIJAYA aTinjauan tingkat kesesuaian lahan untuk penataan ruang obyek wisata Pantai Parangtritis Kabupaten Bantul Propinsi D.I. Yogyakartac/ Ade Chandra Wijaya aYogyakartabUniversitas Gajah Madac2002 axvi, 86 hlm.c; 30 cm. aSkripsi Universitas Gajah Mada aTanah - penggunaan dan pemeliharaan aYOPDYOG a45706-PD/A.12